Liste des Pokémons de la 1ère génération - Statistiques

Statistiques générales
  • Ce quiz a été pris 49 fois
  • Le résultat moyen est 101 sur 151
Statistiques - réponses
Numèro de Pokédex Nom du Pokémon % Correct
#01 Bulbizarre
97%
#08 Carabaffe
97%
#07 Carapuce
97%
#06 Dracaufeu
97%
#03 Florizarre
97%
#02 Herbizarre
97%
#05 Reptincel
97%
#04 Salamèche
97%
#09 Tortank
97%
#13 Aspicot
95%
#12 Papilusion
95%
#10 Chenipan
92%
#14 Coconfort
92%
#15 Dardargnan
92%
#11 Chrysacier
89%
#25 Pikachu
89%
#19 Rattata
89%
#20 Rattatac
89%
#18 Roucarnage
89%
#16 Roucool
89%
#17 Roucoups
89%
#21 Piafabec
87%
#22 Rapasdepic
87%
#23 Abo
82%
#24 Arbok
82%
#26 Raichu
82%
#30 Nidorina
79%
#74 Racaillou
79%
#75 Gravalanch
76%
#76 Grolem
76%
#151 Mew
76%
#150 Mewtwo
76%
#33 Nidorino
76%
#63 Abra
74%
#148 Draco
74%
#149 Dracolosse
74%
#133 Évoli
74%
#147 Minidraco
74%
#31 Nidoqueen
74%
#27 Sabelette
74%
#65 Alakazam
71%
#59 Arcanin
71%
#70 Boustiflor
71%
#58 Caninos
71%
#92 Fantominus
71%
#64 Kadabra
71%
#66 Machoc
71%
#67 Machopeur
71%
#68 Mackogneur
71%
#129 Magicarpe
71%
#43 Mystherbe
71%
#34 Nidoking
71%
#77 Ponyta
71%
#136 Pyroli
71%
#39 Rondoudou
71%
#28 Sablaireau
71%
#50 Taupiqueur
71%
#135 Voltali
71%
#134 Aquali
68%
#144 Artikodin
68%
#69 Chétiflor
68%
#145 Électhor
68%
#78 Galopa
68%
#40 Grodoudou
68%
#35 Mélofée
68%
#52 Miaouss
68%
#95 Onix
68%
#53 Persian
68%
#109 Smogo
68%
#110 Smogogo
68%
#93 Spectrum
68%
#146 Sulfura
68%
#51 Triopikeur
68%
#94 Ectoplasma
66%
#37 Goupix
66%
#89 Grotadmorv
66%
#36 Mélodelfe
66%
#42 Nosferalto
66%
#41 Nosferapti
66%
#44 Ortide
66%
#45 Rafflesia
66%
#111 Rhinocorne
66%
#120 Stari
66%
#88 Tadmorv
66%
#100 Voltorbe
66%
#101 Électrode
63%
#38 Feunard
63%
#140 Kabuto
63%
#81 Magnéti
63%
#112 Rhinoféros
63%
#143 Ronflex
63%
#121 Staross
63%
#138 Amonita
61%
#57 Colossinge
61%
#85 Dodrio
61%
#56 Férosinge
61%
#126 Magma
61%
#82 Magnéton
61%
#103 Noadkoko
61%
#102 Noeunoeuf
61%
#46 Paras
61%
#47 Parasect
61%
#118 Poissirène
61%
#142 Ptéra
61%
#72 Tentacool
61%
#49 Aéromite
58%
#83 Canarticho
58%
#84 Doduo
58%
#125 Elektek
58%
#97 Hypnomade
58%
#123 Insécateur
58%
#141 Kabutops
58%
#115 Kangourex
58%
#87 Lamantine
58%
#113 Leveinard
58%
#124 Lippoutou
58%
#105 Ossatueur
58%
#104 Osselait
58%
#86 Otaria
58%
#119 Poissoroy
58%
#60 Ptitard
58%
#62 Tartard
58%
#128 Tauros
58%
#73 Tentacruel
58%
#139 Amonistar
55%
#48 Mimitoss
55%
#96 Soporifik
55%
#61 Tétarte
55%
#107 Tygnon
55%
#55 Akwakwak
53%
#106 Kicklee
53%
#90 Kokiyas
53%
#54 Psykokwak
53%
#79 Ramoloss
53%
#114 Saquedeneu
53%
#91 Crustabri
50%
#80 Flagados
50%
#117 Hypocéan
50%
#131 Lokhlass
50%
#137 Porygon
50%
#132 Métamorph
47%
#122 M. Mime
47%
#116 Hypotrempe
45%
#98 Krabby
45%
#127 Scarabrute
45%
#108 Excelangue
42%
#99 Krabboss
42%
#29 Nidoran ♀
39%
#32 Nidoran ♂
37%
#130 Léviathor
29%
#71 Empliflor
11%
Aucun quiz correspondant
Distribution des résultats
% des personnes avec chaque résultat
Percentile par nombre de réponses
Votre historique - résultats
Vous n’avez pas pris ce quiz